[Event "Badenweiler op"]
[Site "Badenweiler"]
[Date "1995.??.??"]
[Round "6"]
[White "Scherer, Max"]
[Black "Toth, Bela"]
[Result "1/2-1/2"]
[WhiteElo "2220"]
[BlackElo "2400"]

1.c4 e6 2.Nf3 d5 3.g3 Nf6 4.Bg2 Be7 5.b3 O-O 6.Bb2 Nbd7 7.O-O b6 8.cxd5 exd5
9.d4 Bb7 10.Nc3 c5 11.Qc2 Re8 12.Rfd1 a6 13.dxc5 bxc5 14.Ng5 Nf8 15.Qf5 Bc8
16.Qc2 Bb7 17.Nge4 N8d7 18.Nxf6+ Nxf6 19.Ne4 Nd7 20.Nc3 Nb6 21.Nxd5 Bxd5
22.e4 Bf6 23.Bxf6 Qxf6 24.exd5 Qd6 25.Rac1 Rac8 26.Qd3 Nd7 27.Re1 Ne5 28.Qd2 g6
29.Re3 Ng4 30.Rxe8+ Rxe8 31.Qc3 Rc8 32.Bh3 f5 33.Bxg4 fxg4 34.Qc4 Rd8 35.Qxc5 Qxd5
36.Qxd5+ Rxd5 37.Rc4 h5 38.Ra4 a5 39.Kg2 Kg7 40.h3 gxh3+ 41.Kxh3 g5 42.Kg2 Kf6
43.Kf3 Kf5 44.Rc4 Rd3+ 45.Ke2 Rd5 46.a4 Re5+ 47.Kf3 Rd5 48.b4 axb4 49.Rxb4 Rd3+
50.Kg2 g4 51.Rb5+ Kg6 52.a5 Ra3 53.Kf1 Ra2 54.Rb6+ Kg5 55.Ra6 Ra1+ 56.Ke2 Ra2+
57.Ke3 Ra3+ 58.Ke4 Ra2 59.Ra8 Re2+ 60.Kd4 Rxf2 61.a6 Rf7 62.a7 Rg7 63.Kc5 h4
64.gxh4+ Kg6 65.h5+ Kh7 66.Rh8+ Kxh8 67.a8=Q+ Kh7 68.Kd6 g3 69.Qg2 Kh6 70.Ke6 Rg8
71.Kf5 Rf8+ 72.Ke6 Rg8 73.Kf7 Rg4 74.Kf6  1/2-1/2

[Event "Oberliga Bayern9596"]
[Site "Bayern"]
[Date "1995.??.??"]
[Round "?"]
[White "Mandl, Robert"]
[Black "Bachmayr, Peter"]
[Result "1/2-1/2"]
[WhiteElo "2425"]
[BlackElo "2270"]

1.c4 e6 2.Nf3 d5 3.g3 Nf6 4.d4 c5 5.Nc3 Nc6 6.cxd5 exd5 7.Bg2 Be7 8.O-O O-O
9.dxc5 Bxc5 10.Bg5 Be6 11.Bxf6 Qxf6 12.Nxd5 Qxb2 13.Nc7 Rad8 14.Qc1 Qxc1
15.Raxc1 b6 16.Nxe6 fxe6 17.e3 h6 18.Rfd1 Rxd1+ 19.Rxd1 Rd8 20.Rxd8+ Nxd8
21.Ne5 Kf8 22.Kf1 Ke7 23.Ke2 Bd6 24.Nc4 b5 25.Nd2 Kd7 26.Kd3 Nc6 27.Bxc6+ Kxc6
28.f4 Bc5 29.g4 Bb6 30.Nf3 Kd5 31.h4 a6 32.h5 Bc5 33.e4+ Kd6 34.Ne5 Ba3 35.Ng6 a5
36.e5+ Kd5 37.f5 Bb2 38.fxe6 Kxe6 39.Ke4 Bc1 40.Nf8+ Ke7 41.Ng6+ Ke6 42.Kd4 b4
43.Kc5 Bd2 44.Kb5  1/2-1/2

[Event "Regionalliga NW9596"]
[Site "Bayern"]
[Date "1995.??.??"]
[Round "?"]
[White "Seuffert, Gabriel"]
[Black "Koessler, Werner"]
[Result "0-1"]
[WhiteElo "2085"]
[BlackElo "1860"]

1.c4 e6 2.Nf3 d5 3.g3 c5 4.cxd5 exd5 5.d4 Nc6 6.Bg2 Nf6 7.O-O Be7 8.Nc3 O-O
9.Bg5 cxd4 10.Nxd4 h6 11.Be3 Re8 12.Rc1 Bf8 13.Nxc6 bxc6 14.Na4 Qa5 15.a3 Qb5
16.b4 Bg4 17.Nc3 Qa6 18.h3 Bf5 19.Qb3 Ne4 20.Nxe4 Bxe4 21.Bxe4 Rxe4 22.Rc2 Rae8
23.Qd3 Qc8 24.Kg2 Qd7 25.Rfc1 R8e6 26.b5 d4 27.Rxc6 Qd5 28.Kh2 h5 29.Rxe6 fxe6
30.Bf4 h4 31.Rc8 hxg3+ 32.Qxg3 Rxe2 33.Bd6 Rxf2+ 34.Qxf2 Qxd6+ 35.Kg1 d3
36.Kf1 d2 37.Rxf8+ Qxf8  0-1

[Event "Regionalliga NO9495"]
[Site "Bayern"]
[Date "1995.??.??"]
[Round "1"]
[White "Kotissek, Philipp"]
[Black "Muehl, Theobald"]
[Result "1/2-1/2"]
[WhiteElo "2055"]
[BlackElo "2095"]

1.c4 e6 2.Nf3 d5 3.g3 Bd6 4.Bg2 Nf6 5.O-O O-O 6.b3 c5 7.cxd5 exd5 8.d4 Ne4
9.Bb2 Nc6 10.Nc3 Nxc3 11.Bxc3 Be6 12.Rc1 b6 13.e3 Rc8 14.dxc5 bxc5 15.Qd2 Qe7
16.Rfd1 Rfd8 17.Qe2 Rd7 18.Ne1 Be5 19.Nd3 Bxc3 20.Rxc3 c4 21.Nf4 Qb4 22.Qc2 Ne7
23.Nxe6 fxe6 24.Bh3 Rd6 25.bxc4 dxc4 26.Rxd6 Qxd6 27.Rxc4 Rxc4 28.Qxc4 Kf7
29.Qf4+ Qxf4 30.exf4 Nd5 31.Bf1 Kf6 32.Kg2 e5 33.Bc4 Nb6 34.fxe5+ Kxe5 35.Bg8 h6
36.Kf3 Nd7 37.h4 Nf6 38.Bb3 g5 39.hxg5 hxg5 40.Ke3 Ng4+ 41.Ke2 Kd4 42.Be6 Nf6
43.f4 gxf4 44.gxf4 Ke4 45.f5 Nh5 46.Kd2 Ng7  1/2-1/2

[Event "Regionalliga SO9495"]
[Site "Bayern"]
[Date "1995.??.??"]
[Round "3"]
[White "Fischer, Michael"]
[Black "Kreuzer, Klaus"]
[Result "1/2-1/2"]
[WhiteElo "2070"]
[BlackElo "2090"]

1.c4 e6 2.Nf3 d5 3.g3 Nf6 4.Bg2 Be7 5.O-O O-O 6.d4 Nbd7 7.b3 b6 8.Bb2 Bb7
9.Nbd2 Rc8 10.Rc1 c5 11.cxd5 exd5 12.Ne5 Re8 13.Re1 Rc7 14.Ndf3 Ne4 15.Bh3 Nxe5
16.dxe5 Bf8 17.Qc2 Rc6 18.Red1 Rh6 19.Bg2 Qa8 20.Ne1 d4 21.f4 g5 22.e3 gxf4
23.exf4 Ree6 24.Nd3 f5 25.exf6 Nxf6 26.Re1 Rxe1+ 27.Rxe1 Bxg2 28.Qxg2 Qxg2+
29.Kxg2 Ng4 30.h3 Ne3+ 31.Kh2 Bd6 32.Bc1  1/2-1/2

[Event "Regionalliga SO9495"]
[Site "Bayern"]
[Date "1995.??.??"]
[Round "3"]
[White "Hartl, Aldo"]
[Black "Binder, Karl Heinz"]
[Result "0-1"]
[WhiteElo "2080"]
[BlackElo "2050"]

1.c4 e6 2.Nf3 d5 3.b3 Nf6 4.Bb2 Be7 5.e3 O-O 6.Be2 b6 7.O-O Bb7 8.d3 c5 9.Ne5 Nfd7
10.d4 Nxe5 11.dxe5 dxc4 12.bxc4 Qxd1 13.Rxd1 Rd8 14.Rxd8+ Bxd8 15.Bc3 Kf8
16.Nd2 Bc7 17.f4 Ke7 18.Bf3 Bxf3 19.gxf3 Nc6 20.Ne4 Rd8 21.Kf2 h6 22.h4 h5
23.Ke2 Kf8 24.Ng3 g6 25.Ne4 Ne7 26.Ng3 Rd7 27.Be1 Bd8 28.Rd1 Rxd1 29.Kxd1 Ke8
30.Kc2 Kd7 31.Kd3 Nf5 32.Nxf5 exf5 33.e4 Kc6 34.a4 a6 35.Bf2 b5 36.axb5+ axb5
37.exf5 gxf5 38.Be1 Bc7 39.Bd2 Bb6 40.Be1 Bd8 41.Bf2 Ba5 42.Bg3 Bb4 43.Bf2 Kb6
44.Bg3 Ka5 45.Bf2 Ka4 46.Be3 Ba3 47.Bf2 Ka5 48.Be3 Kb6 49.Bf2 Bc1 50.Bg3 Kc6
51.Bh2 Bb2 52.Bg1 Bc1 53.Bh2 Ba3 54.Bg1 Kb6 55.Bf2 Ka5 56.Be3 Ka4 57.Bf2 Bb4
58.Be3 Ka5 59.Bf2 Kb6 60.Bg3 Kc6 61.Bf2 Ba5 62.Bg3 Bd8  0-1

[Event "Regionalliga SO9495"]
[Site "Bayern"]
[Date "1995.??.??"]
[Round "5"]
[White "Philipp, Joerg"]
[Black "Steinbacher, Thomas"]
[Result "1/2-1/2"]
[WhiteElo "2020"]
[BlackElo "2070"]

1.c4 e6 2.Nf3 d5 3.d4 c6 4.Nc3 dxc4 5.a4 Bb4 6.Qc2 Nf6 7.Bg5 Qa5 8.Bxf6 gxf6
9.g3 c5 10.Bg2 Nc6 11.Rd1 Bd7 12.O-O Bxc3 13.bxc3 Ne7 14.Ra1 Nd5  1/2-1/2

[Event "Regionalliga SW9495"]
[Site "Bayern"]
[Date "1995.??.??"]
[Round "8"]
[White "Lutz, Albert"]
[Black "Schimpf, Markus"]
[Result "1/2-1/2"]
[WhiteElo "2000"]
[BlackElo "1835"]

1.c4 e6 2.Nf3 d5 3.e3 Nf6 4.Qc2 Be7 5.a3 c5 6.d4 cxd4 7.Nxd4 Nc6 8.Nf3 O-O
9.b4 Bd7 10.Nbd2 Rc8 11.Qb3 a6 12.Bb2 dxc4 13.Bxc4 b5 14.Bd3 a5 15.O-O axb4
16.Bxb5 bxa3 17.Bxa3 Bxa3 18.Qxa3 Ne5 19.Ba6 Nxf3+ 20.Nxf3 Ra8 21.Qc5 Bc8
22.Bxc8 Rxc8 23.Qd4 Qxd4  1/2-1/2

[Event "Berliner Sommer"]
[Site "Berlin"]
[Date "1995.??.??"]
[Round "2"]
[White "Bunzmann, Dimitrij"]
[Black "Grabliauskas, Virginijus"]
[Result "0-1"]
[WhiteElo "2185"]
[BlackElo "2395"]

1.c4 e6 2.Nf3 d5 3.d4 Nf6 4.e3 Be7 5.b3 O-O 6.Bd3 Nbd7 7.O-O b6 8.Nc3 Bb7
9.Bb2 a6 10.Qe2 Ne4 11.Rac1 Bd6 12.Nd2 f5 13.f4 Nxd2 14.Qxd2 Qe7 15.Qc2 Rae8
16.Na4 dxc4 17.bxc4 c5 18.Qb3 Qd8 19.Ba3 Qc7 20.Nxb6 Nxb6 21.Rb1 Bxg2 22.Kxg2 Rb8
23.Be2 cxd4 24.c5 Nd5 25.cxd6 Qc6 26.Bf3 Rxb3 27.Rxb3 dxe3 28.Rc1 Nxf4+ 29.Kg3 Qa4
30.d7 Ng6 31.Bb4 Rd8 32.Rc7 Rxd7 33.Rc8+ Kf7 34.Bh5 Kf6 35.h4 Qxa2 36.Bc3+ Kf7
37.Rb2 Qd5 38.Rcb8 f4+ 39.Kh3 Qh1+  0-1

[Event "Bern op"]
[Site "Bern"]
[Date "1995.??.??"]
[Round "7"]
[White "Gheorghiu, Florin"]
[Black "Ammann, Walter"]
[Result "1-0"]
[WhiteElo "2475"]
[BlackElo "2305"]

1.c4 e6 2.Nf3 d5 3.d4 c6 4.Qc2 Nf6 5.g3 dxc4 6.Qxc4 b5 7.Qc2 Bb7 8.Nbd2 Nbd7
9.Nb3 Qb6 10.Bg2 Rc8 11.O-O c5 12.dxc5 Nxc5 13.Be3 Be4 14.Qd2 Qb7 15.Rfc1 Nfd7
16.Na5 Qa8 17.b4 Na6 18.Ne5 Rxc1+ 19.Rxc1 Bd5 20.Bxd5 exd5 21.Nec6 Nb6 22.Bxb6 axb6
23.Qe3+ Kd7 24.Ne5+  1-0

[Event "Biel op"]
[Site "Biel"]
[Date "1995.??.??"]
[Round "4"]
[White "Markowski, Tomasz"]
[Black "Kelecevic, Nedeljko"]
[Result "1-0"]
[WhiteElo "2530"]
[BlackElo "2435"]

1.c4 e6 2.Nf3 d5 3.b3 Nf6 4.Bb2 Be7 5.e3 O-O 6.Be2 b6 7.O-O Bb7 8.d3 c5 9.Nbd2 Nc6
10.a3 dxc4 11.Nxc4 Nd7 12.Qc2 Qc7 13.Rac1 Rac8 14.Qb1 Qb8 15.Rfd1 Rfd8 16.Bc3 Bf6
17.Bxf6 Nxf6 18.Qb2 Nd5 19.Bf1 Ba8 20.Nce5 Nxe5 21.Nxe5 Qd6 22.Nc4 Qe7 23.Nd2 h6
24.Rc2 Bb7 25.Rdc1 Qf6 26.Qxf6 gxf6 27.Be2 Ba6 28.Kf1 Ne7 29.Nc4 Nc6 30.Nb2 Ne7
31.Ke1 Kf8 32.g3 Bb7 33.Rc4 Bd5 34.R4c3 Bb7 35.R3c2 Ba6 36.Kd2 e5 37.Ke1 f5
38.Nc4 f6 39.f4 exf4 40.gxf4 Rc6 41.Kf2 Re6 42.Rg1 Nd5 43.Rg3 Rde8 44.Bh5 R8e7
45.Rc1 Rg7 46.Rxg7 Kxg7 47.Bf3 Ne7 48.d4 Bxc4 49.Rxc4 cxd4 50.exd4 Kf8 51.Rc7 a5
52.Rd7 Ke8 53.Rb7 Kd8 54.Rb8+ Kc7 55.Rh8 Ng6 56.Rh7+ Kd6 57.Rb7 Nxf4 58.Rxb6+ Ke7
59.Rxe6+ Nxe6 60.Ke3 Kd6 61.b4 axb4 62.axb4 f4+ 63.Kd3 Nc7 64.Kc4 Ne6 65.h4 Nf8
66.Be4 Nd7 67.Kd3 Nb6 68.Ke2 f5 69.Bb7 Kc7 70.Bg2 Nc4 71.Bd5 Ne3 72.Bb3 Kb6
73.Kf3 Kb5 74.d5 Ng4 75.Kxf4 Kxb4 76.d6 Nf6 77.Kxf5 Nd7 78.Be6  1-0

[Event "Bonn GSK"]
[Site "Bonn"]
[Date "1995.??.??"]
[Round "4"]
[White "Grimm, Sascha"]
[Black "Heinbuch, Detlef"]
[Result "1-0"]
[WhiteElo "2315"]
[BlackElo "2355"]

1.c4 e6 2.Nf3 d5 3.g3 Nf6 4.Bg2 Be7 5.O-O O-O 6.d4 Nbd7 7.Qc2 c6 8.Nbd2 b6
9.e4 Nxe4 10.Nxe4 dxe4 11.Qxe4 Bb7 12.Rd1 Nf6 13.Qe2 Qc7 14.Bf4 Bd6 15.Ne5 Nd7
16.c5 Bxe5 17.Bxe5 Nxe5 18.dxe5 bxc5 19.Rd6 Qb6 20.Rad1 a5 21.h4 a4 22.h5 h6
23.R1d2 Ba6 24.Qe3 Rac8 25.Be4 Qb4 26.a3 Qc4 27.Kh2 Bb5 28.Rc2 Qb3 29.Qxc5 Rb8
30.Qd4 Rfc8 31.Rd2 Rf8 32.Rc2 Rfc8 33.Rd2 Rf8 34.Bc2 Qf3 35.Bd1 Qf5 36.f4 g5
37.Bc2 Qg4 38.Bd1 Qf5 39.Bc2 Qg4 40.Qe4 Qxh5+ 41.Kg1 Qg6 42.Qxg6+ fxg6 43.Rxe6 Rbd8
44.Rxg6+ Kf7 45.Rdd6 Rxd6 46.Rxd6 Ke7 47.f5  1-0

[Event "SWE-ch"]
[Site "Borlange"]
[Date "1995.??.??"]
[Round "11"]
[White "Akesson, Ralf"]
[Black "Eklund, Lars Goran"]
[Result "1-0"]
[WhiteElo "2465"]
[BlackElo "2330"]

1.c4 e6 2.Nf3 d5 3.d4 c6 4.Qc2 f5 5.g3 Nf6 6.Bg2 Bd6 7.Bf4 O-O 8.Bxd6 Qxd6
9.Nbd2 Nbd7 10.Rc1 e5 11.dxe5 Nxe5 12.O-O f4 13.cxd5 Nxd5 14.Nxe5 Qxe5 15.Nf3 Qh5
16.Rfd1 Bh3 17.Bh1 Rae8 18.Rd4 Rf7 19.b4 Rfe7 20.Re1 Qf5 21.Qd2 h6 22.b5 g5
23.bxc6 bxc6 24.Rc4 Rf7 25.Rxc6 g4 26.Nh4 fxg3 27.Nxf5 gxf2+ 28.Kxf2 Rxf5+
29.Kg1  1-0

[Event "BRA-ch"]
[Site "?"]
[Date "1995.??.??"]
[Round "10"]
[White "Sunye Neto, Jaime"]
[Black "Agdamus, Jose Luis"]
[Result "1-0"]
[WhiteElo "2510"]
[BlackElo "2280"]

1.c4 e6 2.Nf3 d5 3.g3 c6 4.Qc2 Nf6 5.Bg2 Nbd7 6.O-O Be7 7.d4 O-O 8.b3 a5
9.Nc3 b6 10.Re1 Ba6 11.Bf4 Rc8 12.Qb2 b5 13.c5 b4 14.Na4 Ne4 15.Ne5 Nxe5
16.Bxe5 f6 17.Bf4 g5 18.Bc1 Bb5 19.f3 Bxa4 20.fxe4 Bb5 21.Qc2 f5 22.exf5 exf5
23.a3 bxa3 24.Rxa3 Ra8 25.e3 Qe8 26.Bd2 Bd8 27.Bf1 Bxf1 28.Rxf1 Qe6 29.b4 a4
30.Rxa4 Rxa4 31.Qxa4 f4 32.Qd1 fxg3 33.Rxf8+ Kxf8 34.Qf3+ Kg7 35.hxg3 Be7
36.g4 h5 37.gxh5 g4 38.Qf2 g3 39.Qf3 Qh3 40.Be1 Qh2+ 41.Kf1 Qh3+ 42.Ke2 Qh2+
43.Kd3 g2 44.Qg4+ Kf8 45.Bf2 Bd8 46.Qf5+ Ke8 47.Qe5+ Qxe5 48.dxe5 Bh4 49.Bg1 Be1
50.b5 cxb5 51.h6 Kf8 52.c6 Ba5 53.e6  1-0

[Event "Budapest FS07 GM"]
[Site "Budapest"]
[Date "1995.??.??"]
[Round "?"]
[White "Csom, Istvan"]
[Black "Muir, Andrew J"]
[Result "1-0"]
[WhiteElo "2455"]
[BlackElo "2315"]

1.c4 e6 2.Nf3 d5 3.b3 Nf6 4.Bb2 Be7 5.cxd5 exd5 6.e3 O-O 7.Be2 Bg4 8.d3 Nbd7
9.Nbd2 c6 10.O-O Bc5 11.a3 a5 12.h3 Bh5 13.Re1 Qb6 14.Qc2 Rfe8 15.Bf1 Bd6
16.Bc3 Bxf3 17.Nxf3 Qd8 18.b4 axb4 19.axb4 Qe7 20.Qb2 Rec8 21.Reb1 Ne8 22.b5 c5
23.b6 Rxa1 24.Qxa1 Qd8 25.Qa7 Rb8 26.Nd2 Qc8 27.Qa2 Qc6 28.Qb2 Nef6 29.Be2 Ra8
30.Bxf6 Nxf6 31.Bf3 Qa4 32.e4 dxe4 33.Nxe4 Nxe4 34.Bxe4 Qd7 35.Qb3 Be7 36.Qd5 Qxd5
37.Bxd5 Bd8 38.Bxb7 Rb8 39.Bd5 Bxb6 40.Ra1 Kf8 41.g3 g6 42.Bc4 Bd8 43.Ra7 Be7
44.Kg2 Rd8 45.f4 f5 46.Kf3 Rb8 47.g4 Rd8 48.Ke3 fxg4 49.hxg4 h5 50.g5 Rd4
51.Kf3 h4 52.f5 gxf5 53.g6 Rg4 54.g7+  1-0

[Event "Budapest Hungaroil"]
[Site "Budapest"]
[Date "1995.??.??"]
[Round "2"]
[White "Csom, Istvan"]
[Black "Hoelzl, Franz"]
[Result "1-0"]
[WhiteElo "2455"]
[BlackElo "2355"]

1.c4 e6 2.Nf3 d5 3.b3 c5 4.cxd5 exd5 5.e3 Nc6 6.Bb2 Nf6 7.Be2 a6 8.d4 cxd4
9.Nxd4 Bb4+ 10.Bc3 Be7 11.Nd2 O-O 12.O-O Re8 13.Qc2 Bd7 14.Nxc6 bxc6 15.b4 Bf8
16.Bd3 h6 17.Rab1 Ng4 18.Nf3 Bd6 19.Bd4 Qc7 20.h3 Nh2 21.Nxh2 Bxh2+ 22.Kh1 Be5
23.Qc3 Bxd4 24.Qxd4 a5 25.b5 cxb5 26.Bxb5 Bxb5 27.Rxb5 Qc4 28.Qxc4 dxc4 29.Rc1 Reb8
30.Rxb8+ Rxb8 31.Rxc4 Rb2 32.Ra4 Rxf2 33.Rxa5 Re2 34.Ra3 h5 35.h4 g6 36.Kh2 Rf2
37.Kg3 Rf1 38.Rb3 Kg7 39.a4 Ra1 40.Rb4 Rf1 41.Rf4 Ra1 42.Kf3 Rg1 43.Rb4 Rf1+
44.Ke2 Rg1 45.Kf2 Ra1 46.g3 Ra2+ 47.Kf3 Ra1 48.g4 hxg4+ 49.Rxg4 Kh6 50.Rb4 Kh5
51.Rf4 f6 52.Rc4 Rf1+ 53.Kg2 Re1 54.Re4 Ra1 55.Kf2 Ra2+ 56.Kg3 Ra1 57.Rf4 Rg1+
58.Kf2 Ra1 59.Rc4 Ra2+ 60.Kg3 Ra1 61.Rc5+ f5 62.Rc4 g5 63.hxg5 Kxg5 64.Kf3 Ra2
65.Rb4 Ra3 66.Ke2 Kf6 67.Rc4 Ke5 68.Kf3 Ra1 69.Rc5+ Kd6 70.Ra5 Kc6 71.Kf4 Rf1+
72.Kg5 Rf3 73.Re5 Kd6 74.Kf6 f4 75.e4 Re3 76.Re6+ Kd7 77.e5 f3 78.Rd6+ Ke8
79.Rd4 f2 80.Rf4 Re4 81.Rxf2 Rxa4 82.Rh2  1-0

[Event "Budapest FS11 GM"]
[Site "Budapest"]
[Date "1995.??.??"]
[Round "7"]
[White "Csom, Istvan"]
[Black "Pavasovic, Dusko"]
[Result "1/2-1/2"]
[WhiteElo "2455"]
[BlackElo "2450"]

1.c4 e6 2.Nf3 d5 3.b3 Nf6 4.Bb2 Nbd7 5.g3 Bd6 6.Bg2 O-O 7.O-O c6 8.d4 Ne4
9.Ne1 e5 10.cxd5 cxd5 11.Nf3 exd4 12.Bxd4 Ndf6 13.Nc3 Qa5 14.Qd3 Be6 15.a3 Rfc8
16.b4 Qd8 17.Nd2 Nxc3 18.Bxc3 Be7 19.Rac1 Qd7 20.Bb2 Ne8 21.Nb3 Bf6 22.Bxf6 Nxf6
23.Nc5 Qc6 24.Qe3 Qb6 25.Qd4 Rc6 26.Rc3 a5 27.Re3 axb4 28.axb4 Qb5 29.Rd1 b6
30.Nxe6 fxe6 31.Bh3 Kf7 32.Qe5 Re8 33.Ra1 Re7 34.Qf4 Qc4 35.Ra4 Qxf4 36.gxf4 Rc4
37.b5 Nd7 38.Ra7 Nc5 39.Rxe7+ Kxe7 40.f5 Re4 41.fxe6 Rxe3 42.fxe3 Nxe6 43.Kf2 Nc7
44.e4 d4 45.e3 Nxb5 46.exd4 Nxd4 47.Ke3 Ne6 48.e5 Kf7 49.Bf1 Kg6 50.Bd3+ Kh6
51.Bc4 Nc7 52.Kf4 b5 53.Ba2 Kh5 54.e6 g5+ 55.Kf5 Nxe6 56.Kxe6 Kh4 57.h3 Kxh3  1/2-1/2

[Event "Budapest FS06 GM"]
[Site "Budapest"]
[Date "1995.??.??"]
[Round "10"]
[White "Farago, Sandor"]
[Black "Lukacs, Peter"]
[Result "1/2-1/2"]
[WhiteElo "2360"]
[BlackElo "2490"]

1.c4 e6 2.Nf3 d5 3.d4 Nf6 4.Nc3 c6 5.cxd5 exd5 6.Bg5 Bf5 7.e3 Nbd7 8.Bd3 Bxd3
9.Qxd3 Bd6 10.O-O O-O 11.Rab1 a5 12.a3 a4 13.Qc2 Qa5 14.Rfe1 Rfe8 15.Bh4 Ne4
16.Rbc1 Ndf6 17.Nd2 Nxd2  1/2-1/2

[Event "Caceres"]
[Site "Caceres"]
[Date "1995.??.??"]
[Round "?"]
[White "Lalic, Bogdan"]
[Black "Rojo Huerta, Gabriel"]
[Result "1-0"]
[WhiteElo "2590"]
[BlackElo "2365"]

1.c4 e6 2.Nf3 d5 3.d4 c6 4.Qc2 dxc4 5.Qxc4 b5 6.Qc2 Bb7 7.e4 Nd7 8.a4 a6
9.Bd3 Ngf6 10.O-O Qb6 11.Nc3 b4 12.a5 Qa7 13.e5 bxc3 14.exf6 gxf6 15.bxc3 c5
16.Be4 f5 17.Bxb7 Qxb7 18.Re1 Be7 19.Rb1 Qc6 20.c4 cxd4 21.Nxd4 Qc5 22.Qa4 Rg8
23.Nc6 Bd6 24.Rb7 Bxh2+ 25.Kf1 Rc8 26.Ne5  1-0

[Event "Cannes op"]
[Site "Cannes"]
[Date "1995.??.??"]
[Round "5"]
[White "Manouck, Thierry"]
[Black "Rosandic, Denis"]
[Result "1/2-1/2"]
[WhiteElo "2320"]
[BlackElo "2385"]

1.c4 e6 2.Nf3 d5 3.b3 Nf6 4.g3 c6 5.Bg2 Bd6 6.d4 Nbd7 7.O-O O-O 8.Ba3 Bxa3
9.Nxa3 Qe7 10.Qc1 e5 11.cxd5 e4 12.d6 Qxd6 13.Nc4 Qd5 14.Nfe5 Qxd4 15.Rd1 Qc5
16.Nxd7 Bxd7 17.Nd6 Qb6 18.Nxe4 Nxe4 19.Bxe4 Be6 20.Qc2 h6 21.Bh7+ Kh8 22.Bf5 Bxf5
23.Qxf5 Rad8 24.Rd7 Qa6 25.e4 Kg8 26.Rad1 Rxd7 27.Rxd7 b6 28.a4 Qe2 29.e5 c5
30.Kg2 a6  1/2-1/2

[Event "Cappelle op"]
[Site "Cappelle la Grande"]
[Date "1995.??.??"]
[Round "6"]
[White "Sarno, Spartaco"]
[Black "Zinina, N."]
[Result "1-0"]
[WhiteElo "2410"]
[BlackElo "2180"]

1.c4 e6 2.Nf3 d5 3.b3 c5 4.g3 Nc6 5.Bg2 Nf6 6.O-O Be7 7.e3 O-O 8.Bb2 Qc7
9.cxd5 exd5 10.d4 b6 11.Nc3 Ba6 12.Re1 Rfd8 13.Rc1 h6 14.a3 Ne4 15.Qc2 Nxc3
16.Qxc3 Bf6 17.Qc2 Qe7 18.dxc5 Bxb2 19.Qxb2 bxc5 20.Qc3 c4 21.bxc4 Bxc4 22.e4 Qf6
23.e5 Qe6 24.Nd4 Nxd4 25.Qxd4 Qb6 26.Red1 Rab8 27.h4 Qa5 28.Rc3 Re8 29.Bxd5 Bxd5
30.Rc5 Qxa3 31.Rxd5 Qe7 32.Ra1 Rbd8 33.Rd6 Ra8 34.Ra5 a6 35.Qg4 Kh8 36.Rd7 Qe6
37.Qxe6 Rxe6 38.Rxf7 Kg8 39.Rd7 Rae8 40.f4 g5 41.hxg5 hxg5 42.Kf2 Rf8 43.Kf3 Rb6
44.Ra4 gxf4 45.gxf4 Rb3+ 46.Ke4 Rb1 47.Rdd4 Re1+ 48.Kd5 Ra8 49.Ke6 a5 50.Ke7 Kg7
51.Rd6 Rf1 52.e6  1-0

[Event "Cappelle op"]
[Site "Cappelle la Grande"]
[Date "1995.??.??"]
[Round "9"]
[White "Hauchard, Arnaud"]
[Black "Poulton, James"]
[Result "1-0"]
[WhiteElo "2445"]
[BlackElo "2330"]

1.c4 e6 2.Nf3 d5 3.g3 c5 4.Bg2 Nc6 5.O-O Be7 6.e3 Nf6 7.b3 O-O 8.Bb2 Re8
9.d3 b6 10.Qe2 Bb7 11.Nc3 Qc7 12.cxd5 Nxd5 13.Nxd5 exd5 14.d4 Nb4 15.Qd2 c4
16.Rfc1 b5 17.a4 a6 18.Ba3 Nc6 19.Bxe7 Qxe7 20.Rab1 Qc7 21.axb5 axb5 22.bxc4 bxc4
23.Qc3 Na5 24.Nd2 Red8 25.Ra1 h6 26.Ra3 Ra6 27.Rca1 Rda8 28.h3 Qd8 29.R1a2 Qb6
30.Rb2 Qa7 31.Kh2 Bc6 32.Qb4 Qc7 33.Rba2 Bb7 34.Nb1 Bc6 35.Nc3 Rb8 36.Qc5 Nb7
37.Nxd5 Qd7 38.Qxc4 Bb5 39.Qc7  1-0

[Event "Ceske Budejovice op"]
[Site "Ceske Budejovice"]
[Date "1995.??.??"]
[Round "3"]
[White "Pribyl, Josef"]
[Black "Moiseenko, Alexander"]
[Result "1/2-1/2"]
[WhiteElo "2405"]
[BlackElo "2275"]

1.c4 e6 2.Nf3 d5 3.b3 Nf6 4.Bb2 c5 5.g3 Nc6 6.Bg2 Be7 7.O-O O-O 8.e3 b6 9.Nc3 Bb7
10.d3 Qd7 11.Qe2 Rfd8 12.Rfd1 Rac8 13.Rac1 d4 14.exd4 cxd4 15.Nb5 Bc5 16.a3 a6
17.b4 Bxb4 18.Na7 Nxa7 19.axb4 Nc6 20.b5 axb5 21.cxb5 Na7 22.Ne5 Qe7 23.Nc6 Bxc6
24.bxc6 Qd6 25.Qc2 Nd5 26.Bxd4 Nxc6 27.Bxb6 Nxb6 28.Bxc6 Nd7 29.d4 Nb8 30.d5 exd5
31.Rxd5 Qxc6 32.Qxc6 Nxc6 33.Rxc6 g6 34.Rxc8 Rxc8  1/2-1/2

[Event "Ceske Budejovice op"]
[Site "Ceske Budejovice"]
[Date "1995.??.??"]
[Round "5"]
[White "Groh, Jiri"]
[Black "Rapoport, Igor"]
[Result "0-1"]
[WhiteElo "2140"]
[BlackElo "2295"]

1.c4 e6 2.Nf3 d5 3.cxd5 exd5 4.d4 c6 5.Nc3 Bf5 6.Bf4 Nf6 7.e3 Qb6 8.Qc1 Nbd7
9.Nh4 Be4 10.f3 Bg6 11.Nxg6 hxg6 12.Bd3 Nh5 13.Bg5 Bd6 14.Qc2 Ng3 15.Rg1 Rxh2
16.Bxg6 Nf8 17.Bd3 f6 18.Bf4 Bxf4 19.exf4 Qxd4 20.O-O-O Qxf4+ 21.Kb1 O-O-O
22.Rde1 Qc7 23.Qf2 d4 24.Nb5 Qf4 25.Re7 cxb5 26.Rc1+ Kb8 27.Qc2 Rh1 28.Rxb7+ Ka8
29.Rxa7+ Kxa7 30.Qc5+ Ka8 31.Qc6+ Ka7 32.Qc5+ Ka8 33.Rxh1 Nd7 34.Qc6+ Ka7
35.Rc1 Qe5 36.Bxb5 Nb6 37.Qc7+ Qxc7 38.Rxc7+ Kb8 39.Rxg7 Nf5 40.Rf7 d3 41.Bxd3 Rxd3
42.Rxf6 Rd1+ 43.Kc2 Ne3+ 44.Kb3 Rd3+  0-1

[Event "Copenhagen op17"]
[Site "Copenhagen"]
[Date "1995.??.??"]
[Round "5"]
[White "Holmsgaard, Henrik"]
[Black "Thorhallsson, Throstur"]
[Result "0-1"]
[WhiteElo "2275"]
[BlackElo "2420"]

1.c4 e6 2.Nf3 d5 3.g3 dxc4 4.Bg2 Nd7 5.Qa4 a6 6.Qxc4 b5 7.Qc2 Bb7 8.O-O c5
9.d3 Ngf6 10.Bf4 Nd5 11.Bd2 Be7 12.e4 N5f6 13.Re1 e5 14.Bg5 Bd6 15.Nh4 g6
16.Nc3 h6 17.Bd2 Kf8 18.Qc1 Kg7 19.f4 Rc8 20.h3 Nh5 21.Nf3 Nxg3 22.Nd5 Bxd5
23.exd5 exf4 24.Bxf4 Qf6 25.Bxd6 Qxd6 26.a4 Rhe8 27.axb5 Ne2+  0-1

[Event "Cordoba op"]
[Site "Cordoba"]
[Date "1995.??.??"]
[Round "?"]
[White "Urday, Henry"]
[Black "Hernandez, Yudania"]
[Result "1-0"]
[WhiteElo "2435"]
[BlackElo "2205"]

1.c4 e6 2.Nf3 d5 3.d4 c6 4.Qc2 Nf6 5.g3 Nbd7 6.Bg2 Bd6 7.O-O O-O 8.Nbd2 Re8
9.b3 e5 10.cxd5 Nxd5 11.Nc4 Bc7 12.e4 N5f6 13.Rd1 exd4 14.Nxd4 Qe7 15.Ba3 c5
16.Nf5 Qe6 17.Nfd6 Rd8 18.f4 Rb8 19.e5 b5 20.f5 Qe7 21.exf6 Nxf6 22.Re1 Qf8
23.Nxc8 Rbxc8  1-0

[Event "CZE-chT 9495"]
[Site "?"]
[Date "1995.??.??"]
[Round "4"]
[White "Pribyl, Josef"]
[Black "Mozny, Milos"]
[Result "1/2-1/2"]
[WhiteElo "2390"]
[BlackElo "2435"]

1.c4 e6 2.Nf3 d5 3.b3 Nf6 4.Bb2 Be7 5.g3 O-O 6.Bg2 b6 7.O-O Bb7 8.e3 Nbd7
9.Nc3 c5 10.d3 Qc7 11.Qe2 Rad8 12.Rfd1 Qb8 13.Rac1 Qa8 14.cxd5 Nxd5 15.Nxd5 Bxd5
16.d4 cxd4 17.Bxd4 Bf6 18.Bxf6 Nxf6 19.Ne1  1/2-1/2

[Event "CZE-chT 9495"]
[Site "?"]
[Date "1995.??.??"]
[Round "8"]
[White "Mudrak, Josef"]
[Black "Votruba, Pavel"]
[Result "1-0"]
[WhiteElo "2315"]
[BlackElo "2360"]

1.c4 e6 2.Nf3 d5 3.g3 dxc4 4.Qa4+ Nd7 5.Bg2 a6 6.Qxc4 Ngf6 7.Qc2 c5 8.O-O b5
9.a4 Bb7 10.Na3 Be7 11.d3 O-O 12.Be3 Qb6 13.axb5 axb5 14.Qb3 Bc6 15.Rac1 Qb7
16.Qc2 Rfc8 17.Ne1 Bxg2 18.Nxg2 Nd5 19.Bd2 c4 20.dxc4 Bxa3 21.bxa3 bxc4 22.Rb1 Qa6
23.Bb4 Nc5 24.e4 Nxb4 25.axb4 Nb3 26.Qc3 Qb7 27.Ne3 Qxe4 28.f3 Qc6 29.Nxc4 Qb5
30.Qxb3 Rxc4 31.Rf2 Rac8 32.Rd2 h5 33.Kg2 h4 34.Qd3 Qb7 35.b5 Rc3 36.Qe4 Qxe4
37.fxe4 hxg3 38.hxg3 R3c7 39.b6 Rb7 40.Kf3 Kf8 41.Ra2 Rc6 42.Ra8+ Ke7 43.Ra7 Rxa7
44.bxa7 Ra6 45.Rb7+ Kf6 46.Ke3 g5 47.Kd4 Kg6 48.g4 Ra5 49.Kc4 f5 50.gxf5+ exf5
51.e5 g4 52.e6 g3 53.e7  1-0

[Event "CZE-chT1 9596"]
[Site "CZE"]
[Date "1995.??.??"]
[Round "?"]
[White "Pacovsky, Jiri"]
[Black "Dolezal, Radoslav Jr"]
[Result "1-0"]
[WhiteElo "2285"]
[BlackElo "2260"]

1.c4 e6 2.Nf3 d5 3.b3 Nf6 4.g3 Be7 5.Bg2 O-O 6.O-O Nbd7 7.Bb2 b6 8.d3 Bb7
9.Nc3 c5 10.e3 Rc8 11.Rc1 Qc7 12.Qe2 a6 13.Rfd1 Qb8 14.cxd5 exd5 15.d4 Rfe8
16.Ne5 Nf8 17.f4 Rcd8 18.Bf3 cxd4 19.exd4 b5 20.Qg2 Bb4 21.h4 Ne6 22.Kh2 Qd6
23.Ne2 Ne4 24.f5 Nf8 25.Nf4 Rc8 26.Ned3 Rxc1 27.Rxc1 Bd2 28.Rc2 Bxf4 29.Nxf4 Nd7
30.Nd3 Ndf6 31.Nc5 Ba8 32.Bc1 Nxc5 33.Rxc5 h6 34.Bf4 Qd7 35.g4 Re1 36.Be5 Ne4
37.Rc7 Qd8 38.Bg3 Ra1 39.Qc2 Kh7 40.Bxe4 dxe4 41.Rc8 Rxa2 42.Rxd8 Rxc2+ 43.Kh3 Bc6
44.Rc8 Rc3 45.d5 Rxg3+ 46.Kxg3 Bxd5 47.b4 e3 48.Re8 g5 49.Rxe3 Kg7 50.Re7 Kf6
51.Ra7 gxh4+ 52.Kxh4 Ke5 53.Rxa6 Kd4 54.Rd6 Kc4 55.Rxd5 Kxd5 56.Kh5 Kc4 57.Kxh6 Kxb4
58.g5 Kc3 59.g6 fxg6 60.fxg6 b4 61.g7 b3 62.g8=Q b2 63.Qg6  1-0

[Event "Dhaka"]
[Site "Dhaka"]
[Date "1995.??.??"]
[Round "6"]
[White "Magomedov, Magaram"]
[Black "Rahman, Ziaur"]
[Result "0-1"]
[WhiteElo "2455"]
[BlackElo "2445"]

1.c4 e6 2.Nf3 d5 3.b3 Nf6 4.Bb2 Bd6 5.g3 O-O 6.Bg2 Nbd7 7.O-O dxc4 8.bxc4 e5
9.c5 Bxc5 10.Nxe5 Nxe5 11.Bxe5 Qe7 12.Bb2 Rd8 13.Qc2 Bg4 14.Nc3 Bh5 15.Bxb7 Rab8
16.Bg2 Bg6 17.d3 h5 18.a4 h4 19.Nb5 hxg3 20.hxg3 Nh5 21.Qc3 a6 22.Rac1 Bb4
23.Ba3 Nxg3 24.Qxb4 Nxe2+ 25.Kh1 Qg5 26.Rc4 c5 27.Rg4 Qh5+ 28.Rh4 cxb4 29.Rxh5 Bxh5
30.Bxb4 axb5 31.a5 Nd4  0-1